Central Library OPAC University of Rajshahi

Adonais / (Record no. 20401)

MARC details
000 -LEADER
fixed length control field 00742nam a2200265Ka 4500
001 - CONTROL NUMBER
control field 20401
003 - CONTROL NUMBER IDENTIFIER
rucl marc code BD-RjUL
005 - DATE AND TIME OF LATEST TRANSACTION
control field 20211209000548.0
008 - FIXED-LENGTH DATA ELEMENTS--GENERAL INFORMATION
fixed length control field 140227s1821 -uk o 000 0 eng d
035 ## - SYSTEM CONTROL NUMBER
System control number (OCoLC)ocn775401352
System control number (BD-RjUL)20463
040 ## - CATALOGING SOURCE
Original cataloging agency OCLCE
Language of cataloging eng
Transcribing agency OCLCE
Modifying agency BD-RjUL
041 ## - LANGUAGE CODE
Language code of text/sound track or separate title eng
082 ## - DEWEY DECIMAL CLASSIFICATION NUMBER
Classification number 821.7
Author mark and year SHA 1821
100 1# - MAIN ENTRY--PERSONAL NAME
Personal name Shelley, Percy Bysshe,
Dates associated with a name 1792-1822.
9 (RLIN) 62906
245 10 - TITLE STATEMENT
Title Adonais /
Statement of responsibility, etc. by Shelley.
260 ## - PUBLICATION, DISTRIBUTION, ETC. (IMPRINT)
Place of publication, distribution, etc. London :
Name of publisher, distributor, etc. Unversity Tutorial Press Ltd.,
Date of publication, distribution, etc. 1821.
300 ## - PHYSICAL DESCRIPTION
Pagination 83 p. ;
Size 29 cm.
600 10 - SUBJECT ADDED ENTRY--PERSONAL NAME
Personal name ,
650 ## - SUBJECT ADDED ENTRY--TOPICAL TERM
Topical term or geographic name as entry element Criticism and interpretation
9 (RLIN) 62908
700 ## - ADDED ENTRY--PERSONAL NAME
Personal name Weekes A. R.
776 1# - ADDITIONAL PHYSICAL FORM ENTRY
Qualifying information Original
Record control number (OCoLC)7233733
942 ## - ADDED ENTRY ELEMENTS (KOHA)
Source of classification or shelving scheme Dewey Decimal Classification
Koha item type Books
Holdings
Lost status Source of classification or shelving scheme Damaged status Not for loan Collection code Permanent Location Current Location Shelving location Date acquired Source of acquisition Cost, normal purchase price Total Checkouts Full call number Date last seen Copy number Koha item type
  Dewey Decimal Classification     Fiction Central Library, University of Rajshahi Central Library, University of Rajshahi   26/02/1970 Zeit 3.00   821.7 SHA 1821 27/02/2014 C-4 Books